000 00362nam a2200157Ia 4500
005 20251020182614.0
008 200515s9999 xx 000 0 und d
082 _aSC/691.41(083.74)/P45/1999
110 _aMinisterio de Transportes y Comunicaciones
245 0 _aAdobe
260 _aLima
260 _c2000
300 _a35
650 _aADOBE
942 _cLIB
999 _c3453
_d3453